000 00875nam a2200253Ia 4500
003 Co-PeBPM
005 20240313184326.0
007 ta
008 231129s1999||||xx a||||||||||||| ||spa||
020 _a9879215133
040 _aCo-PeBPM
_bspa
_cCo-PeBPM
_erda
041 0 _aspa
082 0 4 _a616.462 R542c
100 1 _aRidner, Silvana
_eautor
245 1 0 _a100 respuestas sobre la diabetes
_b: y un recetario para disfrutar de una alimentación sana y sabrosa
_c/ Silvana Ridner
250 _aSegunda edición
260 _aArgentina
_bEdiciones Florentinas
_c1999
300 _a141 páginas
_bIlustraciones en blanco y negro
_c20 centímetros
500 _aIncluye índice
650 1 _aDiabetes
_2Lemb
700 _aAlbertinazzi, Elba,
_ePrólogo
942 _2ddc
_cBK
999 _c4166
_d4166